000 00703nam a2200253Ia 4500
003 OSt
005 20221005083831.0
006 a|||||r|||| 00| 0
007 ta
008 221004b |||||||| |||| 00| 0 eng d
020 _a9780143068181 (pbk)
024 _a26997
037 _bGift, 16/05/2016,
_cTextual
040 _aCRL
_cCRL
_beng
041 _2eng
_aeng
082 _aQ2241, P9
100 _aLal Malashri Ed.
245 0 _aSearch of Sita
_b Revisiting mythology
260 _aNew Delhi
_bYatra Books India
_c2009
300 _axvii, 270p.
_ccm.
650 _aRELIGION
942 _hQ2241, P9
_cTEXL
_2cc
999 _c991651
_d991651